Country Flag-Shapes of Asia - Statistics

General Stats
  • This quiz has been taken 54 times
  • The average score is 46 of 48
Answer Stats
Picture Answer % Correct
China
100%
Vietnam
100%
Bangladesh
98%
Bhutan
98%
Cambodia
98%
Cyprus
98%
Georgia
98%
India
98%
Indonesia
98%
Iraq
98%
Israel
98%
Japan
98%
Jordan
98%
Kyrgyzstan
98%
Laos
98%
Lebanon
98%
Mongolia
98%
Myanmar
98%
Nepal
98%
Oman
98%
South Korea
98%
Taiwan
98%
Thailand
98%
Afghanistan
95%
Iran
95%
Kazakhstan
95%
Kuwait
95%
Malaysia
95%
North Korea
95%
Saudi Arabia
95%
Singapore
95%
Sri Lanka
95%
Syria
95%
Turkey
95%
United Arab Emirates
95%
Uzbekistan
95%
Yemen
95%
Brunei
93%
Pakistan
93%
Qatar
93%
Turkmenistan
93%
Azerbaijan
90%
Bahrain
90%
Philippines
90%
Armenia
88%
Tajikistan
88%
East Timor
85%
Maldives
80%
No matching quizzes found
Score Distribution
Percent of People with Each Score
Percentile by Number Answered
Your Score History
You have not taken this quiz